| 000 | 00874pam a2200277 a 4500 | ||
|---|---|---|---|
| 999 |
_c4898 _d4898 |
||
| 001 | 3332965 | ||
| 003 | OSt | ||
| 005 | 20181217183620.0 | ||
| 008 | 850815s1985 ilu b 000 0 eng | ||
| 010 | _a 85019736 | ||
| 020 | _a0877849315 (pbk.) | ||
| 040 |
_aDLC _cDLC _dDLC |
||
| 050 | 0 | 0 |
_aBT590.C78 _bB83 1985 |
| 082 | 0 | 0 |
_a253.5 _219 _bB918C |
| 100 | 1 |
_aBuchanan, Duncan, _d1935- |
|
| 245 | 1 | 4 |
_aThe counselling of Jesus / _cDuncan Buchanan. |
| 260 |
_aDowners Grove, Ill. : _bInterVarsity Press, _cc1985. |
||
| 300 |
_a174 p. ; _c21 cm. |
||
| 440 | 4 | _aThe Jesus library | |
| 504 | _aIncludes bibliographical references. | ||
| 600 | 0 | 0 |
_aJesus Christ _xCounseling methods. |
| 630 | 0 | 0 |
_aBible. _pGospels _xCriticism, interpretation, etc. |
| 650 | 0 |
_aPastoral counseling _xBiblical teaching. |
|
| 906 |
_a7 _bcbc _corignew _d1 _eocip _f19 _gy-gencatlg |
||
| 942 |
_2ddc _cBK |
||